000 01772cam a22004454i 4500
003 PE-LiUPU
005 20250731175634.0
008 150625s2003 xxka r 000 0 spa d
020 _a1844663019
020 _a9781844663019
035 _a(Sirsi) i9781844663019
040 _aPE-LiUPU
_bspa
_cPE-LiUPU
_dPE-LiUPU
_erda
049 _aPRUA
082 0 4 _a428.07
_bE96
_221
100 1 _aEvans, Virginia,
_eautor.
245 1 0 _aRobin Hood /
_cVirginia Evans y Jenny Dooley.
264 1 _aNewbury :
_bExpress Publishing,
_c2003.
300 _a31 páginas :
_bilustraciones ;
_c25 centímetros
300 _aCD-ROM
336 _atext
_2rdacontent
337 _aunmediated
_2rdamedia
338 _avolume
_2rdacarrier
505 0 _aArrest him! -- Lord of the Greenwood -- Little John -- Friar Tuck -- The Silver Arrow -- Marian's escape -- Richard's return -- Activites -- Picture dictionary -- Word list.
526 _aP145
526 _aP127
526 _aP97
526 _aP35
526 _aP14
526 _aP07
541 _g001-0000524;
650 0 4 _aFolklore
_zInglaterra.
650 0 4 _aInglés
_vLecturas.
650 0 4 _aRobin Hood (Personaje Legendario)
_xLeyendas
_vHistorietas.
700 1 _aDooley, Jenny,
_eautor.
942 _2ddc
_cBOOK
949 _a428.07 IR 1A
_wDEWEY
_c1
_i58406
_lCCODEBUL1
_mBUL
_r0
_sY
_tBOOK
_u2015-6-25
_xFCE
_zAGB
_0COMPRA
_o.STAFF. Colección Ciencias Empresariales
994 _aC0
_bPEPRU
596 _a1
999 _a428.07 E96 1
_wDEWEY
_c47349
_i58406
_f2021-11-8
_g7
_lCCODEBUL1
_mBUL
_p10.00
_r0
_sY
_tBOOK
_u2015-6-25
_xEDUCACION
_zAGB
_0COMPRA
_o.STAFF. Colección Ciencias Empresariales
_d47349
980 _81
_gALBERTO SANCHEZ Responsable de Automatización